Finland : 2016 Article IV Consultation-Press Release; Staff Report; and Statement by the Executive Director for Finland.

This 2016 Article IV Consultation highlights that the growth in Finland has turned tepidly positive again following a deep recession. GDP increased by 0.2 percent in 2015 driven by stronger private consumption and a rebound in investment. Although net export growth was weak, falling oil prices contr...

Popoln opis

Bibliografske podrobnosti
Korporativna značnica: International Monetary Fund. European Dept
Format: Revija
Jezik:English
Izdano: Washington, D.C. : International Monetary Fund, 2016.
Serija:IMF Staff Country Reports; Country Report ; No. 2016/368
Online dostop:Full text available on IMF
LEADER 01813cas a2200241 a 4500
001 AALejournalIMF017261
008 230101c9999 xx r poo 0 0eng d
020 |c 5.00 USD 
020 |z 9781475557947 
022 |a 1934-7685 
040 |a BD-DhAAL  |c BD-DhAAL 
110 2 |a International Monetary Fund.  |b European Dept. 
245 1 0 |a Finland :   |b 2016 Article IV Consultation-Press Release; Staff Report; and Statement by the Executive Director for Finland. 
264 1 |a Washington, D.C. :  |b International Monetary Fund,  |c 2016. 
300 |a 1 online resource (60 pages) 
490 1 |a IMF Staff Country Reports 
500 |a <strong>Off-Campus Access:</strong> No User ID or Password Required 
500 |a <strong>On-Campus Access:</strong> No User ID or Password Required 
506 |a Electronic access restricted to authorized BRAC University faculty, staff and students 
520 3 |a This 2016 Article IV Consultation highlights that the growth in Finland has turned tepidly positive again following a deep recession. GDP increased by 0.2 percent in 2015 driven by stronger private consumption and a rebound in investment. Although net export growth was weak, falling oil prices contributed to the nominal trade balance shifting into surplus, reducing the current account deficit. Better-than-expected fiscal performance brought the deficit back under the 3 percent Stability and Growth Pact limit in 2015. The recovery is likely to continue, but growth is set to remain slow at about 0.9 percent in 2016 and 1.1 percent in 2017. This outlook is subject to downside risks. 
538 |a Mode of access: Internet 
830 0 |a IMF Staff Country Reports; Country Report ;  |v No. 2016/368 
856 4 0 |z Full text available on IMF  |u http://elibrary.imf.org/view/journals/002/2016/368/002.2016.issue-368-en.xml  |z IMF e-Library